Rappeurs Nouvelle Génération francophone - Statistiques

Statistiques générales
  • Ce quiz a été pris 702 fois
  • Le résultat moyen est 8 sur 20
Statistiques - réponses
Rappeur Album/EP/Mixtape % Correct
La Fève ERRR
94%
Luther GARÇON
85%
So La Lune Fissure de vie
68%
winnterzuko WINNTERMANIA
67%
Khali IL ME RESSEMBLE PAS NON PLUS
65%
Rounhaa MÖBIUS
65%
NeS LA COURSE
53%
J9ueve LE BIJOU LE PLUS BRILLANT
44%
Yvnnis NOVAE
42%
Kerchak Confiance
39%
Favé F4
38%
H JeuneCrack 3ème cycle
33%
Selug Éternel Retour
32%
8ruki INT8TION
29%
snorunt glalie
18%
Sto Time Out (vol.1)
15%
Jwles Argentine
13%
AAMO Sur Ma Lancée
11%
Realo EMOTION
10%
Irko Ghillie in the Mist
9%
Aucun quiz correspondant
Distribution des résultats
% des personnes avec chaque résultat
Percentile par nombre de réponses
Votre historique - résultats
Vous n’avez pas pris ce quiz